1322 1748 1095 1859 1719 1385 1311 1025 1416 1684 1859 1901 1183 1646 1007 1272 1753 1056 1791 1214 1674 1839 1201 1342 1284 1860 1887 1233 1723 1235 1088 1059 1528 1689 1029 1828 1504 1690 1530 1323 1058 1958 1943 1014 1069 1395 1757 1999 1569 1603 1592 1302 1097 1802 1024 1442 1307 1026 1590 1915 1291 1818 1764 1333 1505 1932 1367 1192 1226 1091 1119 1332 1933 1676 1400 1182 1901 1740 1817 1998 1009 1418 1162 1841 1605 1639 1465 1150 1330 1920 1418 1423 1101 1984 1235 1240 1910 1621 1269 BCNSPRNW ULIB Ver.6.0+V

เปลี่ยนเป็นภาษาไทย

Change to English
 แสดงรายละเอียดบรรณานุกรม
  กลับหน้าหลัก

Brief Record : Get Marc (ISO 2709) : E-mail record : QR code < ปิดหน้าต่าง
LEADER : 00000nam 2200000uu 4500
001    13399120825
003     ULIB
008    020711s2552 th a 000 0 tha d
020    9786167123172
090    นว.^bว427พ
100    อลิลศรา
245    เพตรา นคราสีกุหลาบ /^cอลิลศรา
260    กรุงเทพฯ :^bกรีนมายด์,^c2552
300    439 หน้า
945    ^p279^l0^i16657
999    ^aทศพร เกษรทอง
รายการนี้ยังไม่มีแท็ก
คุณยังไม่ได้ล็อกอิน คุณสามารถมีกิจกรรมร่วมกับเว็บไซต์ได้ แต่ต้องล็อกอินก่อน ::
  ล็อกอิน

รายการสื่อสารสนเทศ

ลำดับที่ ประเภท เลขเรียก/บาร์โค้ด สถานที่ สถานะ
1. นวนิยาย
นวนิยาย
นว. ว427พ  
  Barcode: 16657
ห้องสมุดวิทยาเขตสวรรค์ประชารักษ์
►นวนิยาย
บนชั้น
  ขอยืม

รายการใกล้เคียง
    ผู้แต่ง [อลิลศรา]

BibComment


ยังไม่เคยถูกคอมเมนท์

คอมเมนท์ทรัพยากรรายการนี้
  คอมเมนท์: เพตรา นคราสีกุหลา..


 Copyright 2026. Bcnsprnw @Library